Culture Générale - Série 1900 - Statistiques

Statistiques générales
  • Ce quiz a été pris 81 fois
  • Le résultat moyen est 5 sur 10
Statistiques - réponses
Question Réponse % Correct
Quelle plante très toxique était à la base du poison officiel des Athéniens, pour les condamnés à mort ? La plus célèbre victime fut le philosophe Socrate . cigüe
72%
Quel légume est la "roseval" ? pomme de terre
69%
Quel est le Chef-lieu de Mayotte ? Mamoudzou
62%
Dans quel pays se trouve l'archipel du Svalbard ? Norvège
60%
Quel nom de poisson donne-t-on familièrement à un coiffeur ? merlan
58%
Qui a écrit "Le petit chose" ? voir photo Alphonse Daudet
55%
Par quel nom de légume peut-on désigner une "grande bringue" ? asperge
54%
Dans la mythologie grecque, de quelle cité Priam était-il le roi ? Troie
49%
Dans un casino, comment s'appelle la boîte du croupier renfermant jusqu'à huit jeux de cartes ? sabot
13%
Cette pommade à base de cire d'abeille et d'huile d'amande douce, s'appelle : "cerat de .... Galien
4%
Aucun quiz correspondant
Distribution des résultats
% des personnes avec chaque résultat
Percentile par nombre de réponses
Votre historique - résultats
Vous n’avez pas pris ce quiz